• 首页
  • 本馆介绍
  • 公告通知
  • 最新文献
  • 馆藏检索
  • 电子资源
  • 读者导购
  • 参考咨询
  • 我的图书馆
  • 登录
  • 详细信息显示
  • 放入我的书架
  • 预约/预借图书
  • 作者相关作品
  • 分类相关作品
  • 丛书相关作品
  • 出版社相关作品

书目信息

  • 表格格式
  • 工作单格式
  • 卡片格式
题名:
齿轮故障智能诊断技术
    
 
作者: 陈志强 , 陈旭东 , 李川 , 梁明 著
分册:  
出版信息: 北京   科学出版社  2018.09
页数: 176页
开本: 24cm
丛书名:
单 册:
中图分类: TH132.41 , TH132
科图分类:
主题词: 齿轮--chi lun--故障诊断
电子资源:
ISBN: 978-7-03-058795-4
000 01161nam0 2200289 450
001 1961115377
005 20191106165901.83
010    @a978-7-03-058795-4@dCNY78.00
100    @a20181019d2018 em y0chiy50 ea
101 0  @achi
102    @aCN@b110000
105    @aak a 000yy
200 1  @a齿轮故障智能诊断技术@Achi lun gu zhang zhi neng zhen duan ji shu@f陈志强 ... [等] 著
210    @a北京@c科学出版社@d2018.09
215    @a176页@c图@d24cm
304    @a题名页题其余责任者: 陈旭东, 李川, 梁明
320    @a有书目
330    @a本书基于振动信号和润滑油中颗粒信号, 以齿轮箱作为设备维护对象, 详细介绍了研究团队在齿轮故障智能诊断技术领域的研究成果。采取实验验证、仿真验证与理论分析相结合的方法, 深度剖析了同步挤压变换方法在齿轮故障智能诊断领域的应用, 系统评估了深度学习技术在齿轮故障识别中的应用, 呈现了基于深度学习模型的齿轮故障智能诊断技术最新成果。
606 0  @a齿轮@Achi lun@x故障诊断
690    @aTH132.41@v5
690    @aTH132@v4
701  0 @a陈志强@Achen zhi qiang@4著
701  0 @a陈旭东@Achen xu dong@4著
701  0 @a李川@Ali chuan@4著
701  0 @a梁明@Aliang ming@4著
801  0 @aCN@b人天书店@c20181019
905    @aBZT@dTH132@e7
    
    齿轮故障智能诊断技术/陈志强 ... [等] 著.-北京:科学出版社,2018.09
    176页:图;24cm
    
    
    ISBN 978-7-03-058795-4:CNY78.00
    本书基于振动信号和润滑油中颗粒信号, 以齿轮箱作为设备维护对象, 详细介绍了研究团队在齿轮故障智能诊断技术领域的研究成果。采取实验验证、仿真验证与理论分析相结合的方法, 深度剖析了同步挤压变换方法在齿轮故障智能诊断领域的应用, 系统评估了深度学习技术在齿轮故障识别中的应用, 呈现了基于深度学习模型的齿轮故障智能诊断技术最新成果。
●
相关链接 在五车中查询图书 在当当中查询图书 在豆瓣中查询图书


正题名:齿轮故障智能诊断技术     索取号:TH132/7         预约/预借

序号 登录号 条形码 馆藏地/架位号 状态 备注
1 860522   2000860522   第二书库/ [索取号:TH132/7] 在馆    
2 860523   2000860523   第二书库/ [索取号:TH132/7] 在馆    
3 860524   2000860524   第二书库/ [索取号:TH132/7] 在馆    
山东省滨州职业学院图书馆 欢迎您!
大连网信软件有限公司© 版权所有